000 00520nam a2200181Ia 4500
008 151018s9999 xx 000 0 und d
082 _bRBASDV7837
_a891.463
100 _aहरी नारायण आपटे
245 _aभुरळ
250 _b1
260 _bह.वि.दात्ये
_c1970
300 _a112
600 _aहरी नारायण आपटे
630 _aभुरळ
700 _aहरी नारायण आपटे
730 _aभुरळ
942 _cBOOK
999 _c1010202
_d1010199